[Event "MK Cafe Cup-B"]
[Site "Koszalin"]
[Date "1998.??.??"]
[Round "9"]
[White "Kolosowski, Pawel"]
[Black "Wismont, Ryszard"]
[Result "1-0"]
[WhiteElo "2155"]
[BlackElo "2285"]
[PlyCount "93"]
[EventDate "1998.08.??"]
[EventType "swiss"]
[EventRounds "10"]
[EventCountry "POL"]
[SourceTitle "EXT 1999"]
[Source "ChessBase"]
[SourceDate "1998.11.16"]
[SourceVersion "1"]
[SourceVersionDate "1998.11.16"]
[SourceQuality "1"]

1. e4 c5 2. Nf3 d6 3. d4 cxd4 4. Nxd4 Nf6 5. Nc3 a6 6. Bg5 e6 7. Qf3 h6 8. Bh4 Nbd7 9. 0-0-0 Be7 10. Bd3 Qa5 11. Kb1 Ne5 12. Qe2 Nxd3 13. cxd3 Bd7 14. f4 Qh5 15. Bf2 Qxe2 16. Ndxe2 b5 17. Rc1 0-0 18. e5 dxe5 19. fxe5 Ng4 20. Bd4 Bg5 21. h3 Bxc1 22. Rxc1 b4 23. Ne4 Bb5 24. Rd1 Nxe5 25. Bxe5 Rfd8 26. Nd4 Rd5 27. Nxb5 Rxb5 28. Bg3 Rd5 29. Bf2 Rc8 30. Rd2 f5 31. Ng3 g6 32. Rc2 Rxc2 33. Kxc2 e5 34. Ne2 Kf7 35. d4 e4 36. g3 g5 37. Kb3 Rb5 38. Be3 Kf6 39. Bd2 Ke6 40. Kc4 Ra5 41. Nc1 Rb5 42. Ne2 Ra5 43. Nc1 Rb5 44. Nb3 Kf6 45. Nc5 Ra5 46. Nb3 h5 47. a4 1-0

[Event "Krakow op-A"]
[Site "Krakow"]
[Date "1998.??.??"]
[Round "?"]
[White "Wismont, Ryszard"]
[Black "Vysochin, Spartak"]
[Result "1/2-1/2"]
[WhiteElo "2270"]
[BlackElo "2465"]
[PlyCount "95"]
[EventDate "1998.??.??"]
[EventType "swiss"]
[EventRounds "9"]
[EventCountry "POL"]
[SourceTitle "EXT 2002"]
[Source "ChessBase"]
[SourceDate "2001.11.25"]
[SourceVersion "1"]
[SourceVersionDate "2001.11.25"]
[SourceQuality "1"]

1. e4 e6 2. d4 d5 3. Nc3 Bb4 4. exd5 exd5 5. Bd3 Nf6 6. a3 Be7 7. h3 0-0 8. Nf3 h6 9. 0-0 c5 10. dxc5 Bxc5 11. Bf4 Nc6 12. Qd2 Re8 13. Rfe1 Be6 14. Nb5 Rc8 15. b4 Bf8 16. Nbd4 Nxd4 17. Nxd4 Bd6 18. Nb5 Bb8 19. Bxb8 Rxb8 20. Nxa7 d4 21. Nb5 Kh8 22. Qf4 Nd5 23. Qxd4 Qg5 24. Qe5 f5 25. Qg3 Qf6 26. Nd6 Red8 27. Nc4 Bg8 28. Qe5 Qh4 29. Nd6 Nf4 30. Nxf5 Qg5 31. Ng3 Qxe5 32. Rxe5 Nxd3 33. cxd3 Rxd3 34. Re7 b5 35. Nf5 Rf8 36. Nxg7 Rd2 37. f3 Bd5 38. Rc1 Bc4 39. a4 Rf7 40. Rxf7 Bxf7 41. Nf5 bxa4 42. b5 a3 43. Ne3 a2 44. Nd1 Rc2 45. Ra1 Kg7 46. b6 Rc6 47. b7 Rb6 48. Nc3 1/2-1/2

[Event "MK Cafe Cup-A"]
[Site "Koszalin"]
[Date "1997.08.05"]
[Round "4"]
[White "Wismont, Ryszard"]
[Black "Waschk, Armin"]
[Result "1/2-1/2"]
[WhiteElo "2285"]
[BlackElo "2245"]
[PlyCount "114"]
[EventDate "1997.08.03"]
[EventType "swiss"]
[EventRounds "10"]
[EventCountry "POL"]
[SourceTitle "CBM 059 Extra"]
[Source "ChessBase"]
[SourceDate "1997.09.26"]
[SourceVersion "1"]
[SourceVersionDate "1997.09.26"]
[SourceQuality "1"]

1. e4 c5 2. Nf3 Nc6 3. d4 cxd4 4. Nxd4 Nf6 5. Nc3 e5 6. Nb3 Bb4 7. Bc4 d6 8. Qd3 Be6 9. Bd2 Bxc4 10. Qxc4 Rc8 11. 0-0 0-0 12. Rad1 Qe7 13. a3 Bxc3 14. Bxc3 Rfd8 15. Rfe1 Nd7 16. Qe2 Nc5 17. Rd2 Qe6 18. Qd1 Kf8 19. Rd5 Na4 20. Re3 Ne7 21. Rdd3 Nxc3 22. Rxc3 Rxc3 23. Rxc3 d5 24. Rd3 b6 25. g3 f5 26. f3 fxe4 27. fxe4 Kg8 28. c3 Qf7 29. Kg2 Rf8 30. Rf3 Qxf3+ 31. Qxf3 Rxf3 32. Kxf3 Kf7 33. a4 Ke6 34. Ke3 Nc6 35. exd5+ Kxd5 36. Nd2 Ne7 37. b4 Nf5+ 38. Kd3 Nd6 39. c4+ Ke6 40. Ne4 Nf7 41. c5 bxc5 42. Nxc5+ Kd5 43. Ne4 h6 44. Nc3+ Kc6 45. Ke4 g6 46. h4 a6 47. Nd1 Kd6 48. Ne3 Ke6 49. Nc4 g5 50. b5 axb5 51. axb5 gxh4 52. gxh4 h5 53. b6 Nd6+ 54. Kd3 Nb7 55. Ne3 Nd6 56. Nc4 Nb7 57. Ne3 Nd6 1/2-1/2

[Event "MK Cafe Cup-A"]
[Site "Koszalin"]
[Date "1997.08.04"]
[Round "2"]
[White "Milos, Gilberto"]
[Black "Wismont, Ryszard"]
[Result "1-0"]
[WhiteElo "2590"]
[BlackElo "2285"]
[PlyCount "79"]
[EventDate "1997.08.03"]
[EventType "swiss"]
[EventRounds "10"]
[EventCountry "POL"]
[SourceTitle "CBM 059 Extra"]
[Source "ChessBase"]
[SourceDate "1997.09.26"]
[SourceVersion "1"]
[SourceVersionDate "1997.09.26"]
[SourceQuality "1"]

1. e4 c5 2. Nf3 d6 3. d4 cxd4 4. Nxd4 Nf6 5. Nc3 Nc6 6. Bc4 e5 7. Nde2 Be6 8. Bb3 a6 9. 0-0 Be7 10. Bg5 0-0 11. Qd2 b5 12. Rad1 Ne8 13. Be3 Na5 14. Nd5 Nxb3 15. axb3 Bxd5 16. Qxd5 Rc8 17. Qd3 Rc6 18. Nc3 Nc7 19. Rd2 Bg5 20. Rfd1 Ne6 21. Bxg5 Qxg5 22. Nd5 Nf4 23. Qg3 Qxg3 24. Ne7+ Kh8 25. hxg3 Rc7 26. gxf4 Rxe7 27. f5 f6 28. Rxd6 Ra7 29. Rd7 Rxd7 30. Rxd7 Ra8 31. Kf1 h5 32. Ke2 Kh7 33. Kd3 Kh6 34. c4 bxc4+ 35. bxc4 g6 36. Rf7 Rd8+ 37. Kc3 Rd6 38. c5 Rc6 39. Kc4 gxf5 40. Kd5 1-0

[Event "POL-ch U20"]
[Site "Poland"]
[Date "1994.??.??"]
[Round "4"]
[White "Wismont, Ryszard"]
[Black "Dobrowolski, Piotr"]
[Result "1-0"]
[WhiteElo "2150"]
[BlackElo "2320"]
[PlyCount "66"]
[EventDate "1994.??.??"]
[EventType "tourn"]
[EventRounds "11"]
[EventCountry "POL"]
[SourceTitle "TD"]
[Source "ChessBase"]
[SourceDate "1994.03.01"]
[SourceVersion "1"]
[SourceVersionDate "1994.03.01"]
[SourceQuality "1"]

1. Nf3 Nf6 2. g3 g6 3. b3 Bg7 4. Bb2 0-0 5. Bg2 d6 6. d3 e5 7. Nbd2 Nc6 8. e4 Nh5 9. c3 f5 10. Qe2 a5 11. exf5 gxf5 12. 0-0 a4 13. Rad1 axb3 14. axb3 Qe8 15. Ra1 Rxa1 16. Rxa1 Bd7 17. b4 b5 18. Ng5 Qg6 19. Bd5+ Kh8 20. Ndf3 Ne7 21. Bb3 Bf6 22. Bc1 f4 23. Ne4 Bg4 24. Bd1 Nf5 25. Nxe5 Bxe5 26. Qxg4 fxg3 27. hxg3 d5 28. Qxh5 dxe4 29. Qxg6 hxg6 30. d4 Bd6 31. Kg2 Re8 32. Bg4 Kg7 33. Bg5 Kf7 1-0

[Event "POL-ch U20"]
[Site "Poland"]
[Date "1994.??.??"]
[Round "6"]
[White "Wismont, Ryszard"]
[Black "Socko, Bartosz"]
[Result "0-1"]
[WhiteElo "2150"]
[BlackElo "2335"]
[PlyCount "68"]
[EventDate "1994.??.??"]
[EventType "tourn"]
[EventRounds "11"]
[EventCountry "POL"]
[SourceTitle "TD"]
[Source "ChessBase"]
[SourceDate "1994.03.01"]
[SourceVersion "1"]
[SourceVersionDate "1994.03.01"]
[SourceQuality "1"]

1. c4 e5 2. Nc3 Nc6 3. g3 g6 4. Bg2 Bg7 5. d3 d6 6. Nf3 f5 7. h4 Nf6 8. Bg5 h6 9. Bxf6 Qxf6 10. Qd2 Be6 11. Nh2 0-0 12. Bd5 Rae8 13. 0-0-0 Bxd5 14. Nxd5 Qf7 15. f3 b5 16. e4 bxc4 17. dxc4 Nd4 18. exf5 gxf5 19. Rhg1 Kh8 20. g4 c6 21. Nc3 fxg4 22. Rxg4 h5 23. Rg2 Re6 24. Ne4 Rg6 25. Ng5 Qxc4+ 26. Kb1 Bh6 27. Rc1 Qg8 28. Rcg1 Bxg5 29. Rxg5 Rxg5 30. Rxg5 Qh7+ 31. Kc1 Rf4 32. Qg2 Ne6 33. b3 Nxg5 34. Qxg5 Rf5 0-1